000 00618nam a2200193Ia 4500
008 151121s9999||||xx |||||||||||||| ||und||
082 _a920/तळव
082 _bHNW-16778
100 _aतळवलकर गोपीनाथ
245 _aआनंदभुवन
260 _b"कॉन्टिनेंन्टल प्रकाशन,पुणे।"
260 _c--
300 _a164
600 _aतळवलकर गोपीनाथ
630 _aआनंदभुवन
700 _aतळवलकर गोपीनाथ
730 _aआनंदभुवन
942 _cBOOK
999 _c1219476
_d1219473